Fundamentals of continuous mechanics of soils with 210 figures / (Record no. 10435)
[ view plain ]
| 000 -LEADER | |
|---|---|
| fixed length control field | 00534cam a2200193ua 4500 |
| 020 ## - INTERNATIONAL STANDARD BOOK NUMBER | |
| ISBN | 3-540-19564-7 |
| 041 ## - LANGUAGE CODE | |
| Language code of text/sound track or separate title | eng |
| 082 ## - DEWEY DECIMAL CLASSIFICATION NUMBER | |
| Classification number | 624.151 36 |
| Item number | KLA/FU |
| 100 ## - MAIN ENTRY--AUTHOR NAME | |
| Personal name | Klausner, Yehuda . |
| 245 ## - TITLE STATEMENT | |
| Title | Fundamentals of continuous mechanics of soils with 210 figures / |
| 250 ## - EDITION STATEMENT | |
| Edition statement | 1 / |
| 260 ## - PUBLICATION, DISTRIBUTION, ETC. (IMPRINT) | |
| Place of publication | New York : |
| Name of publisher | Springer Verlag , |
| Year of publication | 1991. |
| 300 ## - PHYSICAL DESCRIPTION | |
| Number of Pages | 608 ; . |
| 500 ## - GENERAL NOTE | |
| General note | ** Reference |
| 942 ## - ADDED ENTRY ELEMENTS (KOHA) | |
| Koha item type | Books |
| Withdrawn status | Lost status | Damaged status | Home library | Current library | Date acquired | Full call number | Accession Number | Koha item type |
|---|---|---|---|---|---|---|---|---|
| KAUAET | KAUAET | 07/04/2012 | 624.151 36 | 19461 | Reference |
